| 000 | 00879nam a2200229Ii 4500 | ||
|---|---|---|---|
| 003 | JO-AjNU | ||
| 008 | 230605s9999||||xx |||||||||||||| ||und|| | ||
| 017 | _a2006/9/2642 | ||
| 020 | _a9957-11-669-X | ||
| 040 |
_aJO-AjNU _bara _erda _cJO-AjNU |
||
| 041 | _aara | ||
| 050 | 1 | 4 | _aKMM170.Z8222.2007 |
| 100 | 3 |
_aالزعبي ، عوض أحمد , _eauthor _911244 |
|
| 245 | 0 | 0 | _aالوجيز في قانون أصول المحاكمات المدنية : التنظيم القضائي ، الاختصاص - التقاضي ، الأحكام وطرق الطعن |
| 250 | _aط1 | ||
| 264 | 3 | 1 | _aعمان : دار وائل ، 2007 |
| 300 | _a466ص | ||
| 336 |
_atext _btxt _2rdacontent |
||
| 337 |
_aunmediated _bn _2rdamedia |
||
| 338 |
_avolume _bnc _2rdacarrier |
||
| 650 | 4 |
_aالمحاكمات المدنية -- الأردن -- القانون المدني -- الأردن _911245 |
|
| 999 |
_aA2224 _c5792 _d5792 |
||